Industrial hydraulics (Record no. 7178)

000 -LEADER
fixed length control field 00551nam a2200205 i 4500
001 - CONTROL NUMBER
control field 7178
003 - CONTROL NUMBER IDENTIFIER
control field BD-DhUET
008 - FIXED-LENGTH DATA ELEMENTS--GENERAL INFORMATION
fixed length control field 780705s1979 nyua 001 0 eng
020 ## - INTERNATIONAL STANDARD BOOK NUMBER
International Standard Book Number 070664773
040 ## - CATALOGING SOURCE
Original cataloging agency DLC
Transcribing agency DLC
Modifying agency BD-DhUET
082 00 - DEWEY DECIMAL CLASSIFICATION NUMBER
Classification number 621.2
Item number PIP/1980
100 1# - MAIN ENTRY--PERSONAL NAME
Personal name Pippenger, John J.
245 10 - TITLE STATEMENT
Title Industrial hydraulics
Statement of responsibility, etc. by John J. Pippenger and Tyler G. Hicks
250 ## - EDITION STATEMENT
Edition statement 3d ed.
260 ## - PUBLICATION, DISTRIBUTION, ETC. (IMPRINT)
Place of publication, distribution, etc. New York
Name of publisher, distributor, etc. McGraw-Hill
Date of publication, distribution, etc. 1980
300 ## - PHYSICAL DESCRIPTION
Extent vi, 440 p.
Other physical details ill.
Dimensions 25 cm.
650 #0 - SUBJECT ADDED ENTRY--TOPICAL TERM
Topical term or geographic name as entry element Hydraulic machinery
700 ## - ADDED ENTRY--PERSONAL NAME
Personal name Hicks, Tyler G.
942 ## - ADDED ENTRY ELEMENTS (KOHA)
Koha item type General Book
Holdings
Koha date last seen Koha normalized classification for sorting Damaged status Copy number Lost status Date acquired Withdrawn status Price effective from Piece designation (barcode) Koha item type Source of classification or shelving scheme Not for loan Shelving location Location (home branch) Sublocation or collection (holding branch) Koha full call number
2014-12-07621_200000000000000_PIP1980 4 2014-12-07 2014-12-0759770Contented Book   Circulation sectionCentral Library, BUETCentral Library, BUET621.2 /PIP/1980
2014-12-07621_200000000000000_PIP1980 5 2014-12-07 2014-12-0759771Contented Book   Circulation sectionCentral Library, BUETCentral Library, BUET621.2 /PIP/1980
2014-12-07621_200000000000000_PIP1980 6 2014-12-07 2014-12-0759772Contented Book   Circulation sectionCentral Library, BUETCentral Library, BUET621.2 /PIP/1980
2014-12-07621_200000000000000_PIP1980 1 2014-12-07 2014-12-0756769Contented Book   Circulation sectionCentral Library, BUETCentral Library, BUET621.2 /PIP/1980
2014-12-07621_200000000000000_PIP1980 7 2014-12-07 2014-12-0759773Contented Book   Circulation sectionCentral Library, BUETCentral Library, BUET621.2 /PIP/1980
2014-12-07621_200000000000000_PIP1980 10 2014-12-07 2014-12-0759776Contented Book   Circulation sectionCentral Library, BUETCentral Library, BUET621.2 /PIP/1980
2014-12-07621_200000000000000_PIP1980 2 2014-12-07 2014-12-0756770Contented Book   Circulation sectionCentral Library, BUETCentral Library, BUET621.2 /PIP/1980
2014-12-07621_200000000000000_PIP1980 9 2014-12-07 2014-12-0759775Contented Book   Circulation sectionCentral Library, BUETCentral Library, BUET621.2 /PIP/1980
2014-12-07621_200000000000000_PIP1980 9 2014-12-07 2014-12-0759769Contented Book   Circulation sectionCentral Library, BUETCentral Library, BUET621.2 /PIP/1980
2014-12-07621_200000000000000_PIP1980 11 2014-12-07 2014-12-0759777Contented Book   Circulation sectionCentral Library, BUETCentral Library, BUET621.2 /PIP/1980
2015-06-16621_200000000000000_PIP_1980 12 2015-06-16 2015-06-1659778Reading Item  Reading sectionCentral Library, BUETCentral Library, BUET621.2/PIP/1980